[Event "IND-chT"]
[Site "Gurgaon"]
[Date "2010.02.27"]
[Round "9"]
[White "Jagadish, Hd"]
[Black "Satyapragyan, Swayangsu"]
[Result "0-1"]
[WhiteElo "2131"]
[BlackElo "2480"]
[PlyCount "78"]
[EventDate "2010.02.21"]
[EventType "team"]
[EventRounds "9"]
[EventCountry "IND"]
[SourceTitle "CBM 135 Extra"]
[Source "ChessBase"]
[SourceDate "2010.05.04"]
[SourceVersion "1"]
[SourceVersionDate "2010.05.04"]
[SourceQuality "1"]

1. e4 c5 2. Nf3 d6 3. Bb5+ Nc6 4. Bxc6+ bxc6 5. h3 e5 6. 0-0 f5 7. Qe2 Be7 8. c3 Nf6 9. d3 0-0 10. Nbd2 fxe4 11. Nxe4 Nxe4 12. dxe4 Qe8 13. Nh2 Qg6 14. Kh1 a5 15. Ng4 Ba6 16. c4 Rab8 17. Rd1 a4 18. f3 Rb4 19. b3 Qf7 20. Ne3 g6 21. Bd2 Rbb8 22. Qd3 Qe6 23. bxa4 Bg5 24. a5 Rb7 25. Rab1 Bxe3 26. Rxb7 Bd4 27. Bh6 Bxb7 28. Bxf8 Kxf8 29. Rb1 Ba6 30. Qd2 Kg7 31. Qg5 Qxc4 32. Qe7+ Qf7 33. Qxd6 Bd3 34. Rb8 Qf4 35. Qe7+ Kh6 36. Qf8+ Qxf8 37. Rxf8 c4 38. Rc8 c5 39. a6 c3 0-1

[Event "IND-chT"]
[Site "Gurgaon"]
[Date "2010.02.26"]
[Round "7"]
[White "Deshmukh, Anup"]
[Black "Jagadish, Hd"]
[Result "1-0"]
[WhiteElo "2271"]
[BlackElo "2131"]
[PlyCount "95"]
[EventDate "2010.02.21"]
[EventType "team"]
[EventRounds "9"]
[EventCountry "IND"]
[SourceTitle "CBM 135 Extra"]
[Source "ChessBase"]
[SourceDate "2010.05.04"]
[SourceVersion "1"]
[SourceVersionDate "2010.05.04"]
[SourceQuality "1"]

1. c4 Nf6 2. Nc3 e6 3. e4 c5 4. e5 Ng8 5. Nf3 Nc6 6. d4 cxd4 7. Nxd4 Nxe5 8. Ndb5 a6 9. Nd6+ Bxd6 10. Qxd6 f6 11. Be3 Ne7 12. Bb6 Nf5 13. Qc5 Qe7 14. Qa5 Nc6 15. Qa4 d6 16. 0-0-0 Bd7 17. Qa3 Rc8 18. g4 Nh6 19. Be2 Ne5 20. Rd4 Rc6 21. Ba5 0-0 22. Bb4 Nhf7 23. f4 a5 24. Bxa5 Ra6 25. fxe5 fxe5 26. Rd2 b6 27. c5 Rxa5 28. cxd6 Qg5 29. Qb4 Rc8 30. Rhd1 Rxa2 31. Kb1 Ra5 32. Qxb6 Rca8 33. Bf3 Ra1+ 34. Kc2 Rxd1 35. Rxd1 Rc8 36. Bb7 Rd8 37. h3 Qf4 38. Rd2 Ba4+ 39. b3 Bd7 40. Ne4 Rf8 41. Rf2 Qh6 42. Qc7 Bb5 43. Qb6 Bd7 44. Nc5 Qe3 45. Nxd7 Qxb6 46. Nxb6 Rb8 47. Bc8 Nd8 48. Rf8+ 1-0

[Event "Wch U20 41st"]
[Site "Goa"]
[Date "2002.12.19"]
[Round "12"]
[White "Ravichandran, Siddharth"]
[Black "Jagadish, Hd"]
[Result "1/2-1/2"]
[WhiteElo "2223"]
[BlackElo "2130"]
[PlyCount "60"]
[EventDate "2002.12.09"]
[EventType "swiss"]
[EventRounds "13"]
[EventCountry "IND"]
[SourceTitle "CBM 091 Extra"]
[Source "ChessBase"]
[SourceDate "2003.01.09"]
[SourceVersion "1"]
[SourceVersionDate "2003.01.09"]
[SourceQuality "1"]

1. b3 d5 2. Bb2 c5 3. Nf3 Nc6 4. e3 Nf6 5. Be2 e6 6. 0-0 Be7 7. d4 0-0 8. Nbd2 b6 9. c4 cxd4 10. exd4 Bb7 11. Rc1 Ne4 12. a3 Nxd2 13. Qxd2 Na5 14. Qc3 Bf6 15. Rfd1 Rc8 16. Qe3 Ba6 17. Nd2 Re8 18. Ba1 Qc7 19. c5 Bxe2 20. Qxe2 Nc6 21. Nf3 Na5 22. b4 Nc4 23. Qd3 b5 24. Re1 a6 25. Rc2 a5 26. a4 bxa4 27. b5 Qd7 28. b6 Qc6 29. Ra2 a3 30. Nd2 e5 1/2-1/2

[Event "Wch U20 41st"]
[Site "Goa"]
[Date "2002.12.18"]
[Round "11"]
[White "Jagadish, Hd"]
[Black "Roy Chowdhury, Saptarshi"]
[Result "0-1"]
[WhiteElo "2130"]
[BlackElo "2376"]
[PlyCount "56"]
[EventDate "2002.12.09"]
[EventType "swiss"]
[EventRounds "13"]
[EventCountry "IND"]
[SourceTitle "CBM 091 Extra"]
[Source "ChessBase"]
[SourceDate "2003.01.09"]
[SourceVersion "1"]
[SourceVersionDate "2003.01.09"]
[SourceQuality "1"]

1. e4 c5 2. Nf3 Nc6 3. Bb5 e6 4. 0-0 Nge7 5. c3 a6 6. Ba4 b5 7. Bc2 Bb7 8. Qe2 c4 9. d4 cxd3 10. Bxd3 Ng6 11. Bg5 Be7 12. Be3 Qc7 13. Nbd2 Nf4 14. Bxf4 Qxf4 15. Nb3 0-0 16. Rad1 d6 17. Bb1 Rfd8 18. Nfd4 Rac8 19. g3 Qh6 20. f4 Re8 21. Nxc6 Bxc6 22. Nd4 Bb7 23. a3 Bd8 24. f5 Bb6 25. fxe6 fxe6 26. Ba2 Qg6 27. e5 dxe5 28. Qxe5 Qc2 0-1

[Event "Wch U20 41st"]
[Site "Goa"]
[Date "2002.12.09"]
[Round "1"]
[White "Jagadish, Hd"]
[Black "Gozzoli, Yannick"]
[Result "0-1"]
[WhiteElo "2130"]
[BlackElo "2377"]
[PlyCount "60"]
[EventDate "2002.12.09"]
[EventType "swiss"]
[EventRounds "13"]
[EventCountry "IND"]
[SourceTitle "CBM 091 Extra"]
[Source "ChessBase"]
[SourceDate "2003.01.09"]
[SourceVersion "1"]
[SourceVersionDate "2003.01.09"]
[SourceQuality "1"]

1. e4 Nf6 2. e5 Nd5 3. d4 d6 4. exd6 cxd6 5. Nf3 g6 6. Be2 Bg7 7. 0-0 0-0 8. c4 Nb6 9. Be3 Nc6 10. Nc3 Bg4 11. b3 d5 12. c5 Nc8 13. b4 a6 14. h3 Bxf3 15. Bxf3 e6 16. Rb1 N8e7 17. Qd2 Nf5 18. Ne2 h6 19. Bg4 Nxe3 20. Qxe3 b5 21. Rfd1 h5 22. Bf3 Qd7 23. Nc3 Rfb8 24. Be2 Qd8 25. a4 bxa4 26. b5 axb5 27. Bxb5 Qc7 28. Bxa4 Rxb1 29. Rxb1 Nxd4 30. Nb5 Qxc5 0-1